000 00550nam a2200181Ia 4500
008 150610s9999 xx 000 0 und d
020 _a9780060850524
050 _aPR6015
_b.U9B65 1998
100 _aHuxley, Aldous, 1894-1963
245 _aBrave new world /
_cAldous Huxley.
250 _a1st Perennial Classics ed.
260 _aNew York :
_bHarper Collins,
_c1998.
300 _a259pages ;
_c21 cm.
520 _aFiction.
650 _aCollectivism
_bFiction.
650 _aGenetic engineering
_xFiction.
650 _aTotalitarianism
_xFiction.
999 _c287855
_d287855